| 000 | 00788nam a22001577a 4500 | ||
|---|---|---|---|
| 003 | OSt | ||
| 005 | 20151003164116.0 | ||
| 008 | 151003b xxu||||| |||| 00| 0 eng d | ||
| 040 | _cRUA | ||
| 082 | _aAVM | ||
| 100 |
_91946 _aTE VUTHY |
||
| 245 | _aThe study on epidemiology and prevention measures against strongyloidiasis in swine at saang district, kandal province, (ការសិក្សាអំពីការរាលដាល និងវិធានការការពារប្រយុទ្ធប្រឆំាង និងជំងឺបង្កដោយ Strongyloides ជ្រូក នៅក្នុងស្រុកស្អាង ខេត្តកណ្ដាល) | ||
| 260 |
_aphnom penh _bRUA _c1993 |
||
| 300 |
_axi, 49p. _bill. _c29cm. |
||
| 942 |
_2ddc _cAVM |
||
| 999 |
_c1839 _d1839 |
||